000 00280nam a2200133Ia 4500
008 230312s9999||||xx |||||||||||||| ||und||
082 _a657
_bGHA-A
100 _aGhani;M,A
245 0 _aAdvanced accounting
260 _aPK
300 _a743
650 _aAccounting
942 _cBK
999 _c2085
_d2085